000 01004nam0a22002771 4500
001 rc\25654
005 20250620151649.0
010 _a5-7615-0382-4
_910000
035 _a(NLR Aleph) 005312547
090 _a6401593
_c6401593
100 _a20021216d1995 |||y0rusy50 ca
101 0 _arus
102 _aRU
105 _ay |||||||||
200 1 _aСравнительная политология
_eУчеб. для студентов вузов по спец. "Политология"
_fГ.В. Голосов
205 _a2-е изд., перераб. и доп.
210 _aНовосибирск
_cИзд-во Новосиб. ун-та
_d1995
215 _a206 с.
_d20
320 _aБиблиогр.: с. 193-197
700 1 _aГолосов
_bГ. В.
_cд-р полит. наук
_f1963-
_gГригорий Васильевич
_9164425
_3RU\NLR\AUTH\770164469
801 0 _aRU
_bNLR
_gpsbo
801 1 _aRU
_bELAR
_2rusmarc
852 _aNLR
_j97-3/478
942 _cBOOK
980 _aNB